Learning UML-(EBOOK) (Record no. 191611)

000 -LEADER
fixed length control field 00808 a2200241 4500
003 - CONTROL NUMBER IDENTIFIER
control field Nust
005 - DATE AND TIME OF LATEST TRANSACTION
control field 20170207154019.0
020 ## - INTERNATIONAL STANDARD BOOK NUMBER
International Standard Book Number 0-596-00344-7 (pbk.) :
035 ## - SYSTEM CONTROL NUMBER
System control number (Uk)0596003447
040 ## - CATALOGING SOURCE
Transcribing agency Nust
082 04 - DEWEY DECIMAL CLASSIFICATION NUMBER
Classification number 005.117
100 1# - MAIN ENTRY--PERSONAL NAME
Personal name Alhir, Sinan Si
245 10 - TITLE STATEMENT
Title Learning UML-(EBOOK)
Remainder of title [communicating software design graphically] /
Statement of responsibility, etc. Sinan Si Alhir.
260 ## - PUBLICATION, DISTRIBUTION, ETC.
Place of publication, distribution, etc. Sebastopol, Calif. ;
-- Farnham :
Name of publisher, distributor, etc. O'Reilly,
Date of publication, distribution, etc. 2003.
300 ## - PHYSICAL DESCRIPTION
Extent xvi, 234 s. :
Other physical details ill. ;
Dimensions 23cm.
505 ## - FORMATTED CONTENTS NOTE
Formatted contents note Part I: Fundamentals - Part II: Structural Modeling - Part III: Behavioral Modeling - Part IV: Beyond The Unified Modeling Language - Part V: Appendixes
650 #0 - SUBJECT ADDED ENTRY--TOPICAL TERM
Topical term or geographic name entry element System design
650 #0 - SUBJECT ADDED ENTRY--TOPICAL TERM
Topical term or geographic name entry element Systemutveckling
650 #0 - SUBJECT ADDED ENTRY--TOPICAL TERM
Topical term or geographic name entry element UML
650 #0 - SUBJECT ADDED ENTRY--TOPICAL TERM
Topical term or geographic name entry element UML (Computer science)
650 #0 - SUBJECT ADDED ENTRY--TOPICAL TERM
Topical term or geographic name entry element UML (Computer science)
651 ## - SUBJECT ADDED ENTRY--GEOGRAPHIC NAME
Geographic name EBOOK
942 ## - ADDED ENTRY ELEMENTS (KOHA)
Source of classification or shelving scheme
Koha item type Book
Holdings
Withdrawn status Lost status Source of classification or shelving scheme Damaged status Not for loan Collection code Permanent Location Current Location Date acquired Total Checkouts Full call number Barcode Date last seen Price effective from Koha item type
            Military College of Signals (MCS) Military College of Signals (MCS) 12/12/2016   005.117 ALH MCSEB-562 12/08/2016 12/12/2016 Book
© 2023 Central Library, National University of Sciences and Technology. All Rights Reserved.